Statistics for Sporting CP Best Scorer By Year

Click here to take the quiz!

General Stats

  • This quiz has been taken 223 times
    (154 since last reset)
  • The average score is 9 of 37

Answer Stats

Player% Correct
Pedro Gonçalves
88%
Bas Dost
84%
Bruno Fernandes
75%
Islam Slimani
73%
Liédson
68%
Mário Jardel
66%
Pablo Sarabia
58%
Manuel Fernandes
53%
Fredy Montero
41%
Ricky van Wolfswinkel
39%
Hélder Postiga
33%
Héctor Yazalde
29%
Alberto Acosta
23%
Fernando Gomes
19%
Krassimir Balakov
18%
Rui Jordão
17%
Yannick Djaló
17%
Jesus Correia
12%
Ivaylo Yordanov
11%
João Martins
11%
Manuel Vasques
11%
Jorge Cadete
10%
Andrzej Juskowiak
9%
Chico Faria
4%
Ernesto Figueiredo
4%
João Lourenço
4%
Paulinho Cascavel
4%
Paulo Alves
4%
Salif Keïta
4%
Fernando Peres
3%
João Morais
3%
Diego Arizaga
2%
Fernando Puglia
2%
Hugo Sarmento
2%
Leandro Machado
2%
Manuel Duarte
2%
Nélson
2%

Score Distribution

Percentile by Number Answered

Percent of People with Each Score

Your Score History

You have not taken this quiz since the last reset